000 00349nam a22001097a 4500
008 180205b xxu||||| |||| 00| 0 eng d
100 _aStorch, J.
245 _aTimbres de France au type merson
260 _aLondon
_bRoyal Philatelic Society
_c1990
650 _aMerson issue (France) | Postage-stamps--France | Production--France
700 _aFrancon, R.
999 _c2616
_d2616